000 01036nam a220032501 4500
999 _c1571
_d1571
001 ocm22955706
003 OCoLC
005 20210629055438.0
008 920428s1991 nyu b 001 eng l
010 _a90028469
020 _a0893974072 (Nichols/GP)
020 _a0749402997 (Kogan Page)
035 _a(OCoLC)22955706
040 _aDLC
_beng
_dUOH
_cALUPE UNIVERSITY
050 _aLC5225
_b.L42H36 1991
100 1 _aHammond, Merryl.
245 1 0 _aSelf-directed learning /
_cMerryl Hammond and Rob Collins.
260 _aEast Brunswick, N.J. :
_bNichols/GP Pub. ;
_aLondon :
_bKogan Page,
_cc1991.
300 _a250 p. ;
_c24 cm.
500 _aAdaptation of author's thesis (Ph.D.)--University of Witwatersrand, South Africa.
504 _aIncludes bibliographical references.
650 0 _aAdult learning.
650 0 _aCritical thinking.
650 0 _aIndividualized instruction.
650 0 _aLearning
_xEvaluation.
700 1 _aCollins, Rob.
907 _a.b17223453
942 _2lcc
_cBK
_nJE